[Event "54. Abierto Mexicano de Ajedrez 2009"]
[Site "Santa Ana"]
[Date "2009.04.09"]
[Round "4.6"]
[White "Zapata, Alonso"]
[Black "Magana Echeverria, Francisco"]
[Result "1-0"]
[WhiteElo "2514"]
[BlackElo "2274"]
[PlyCount "63"]
[EventDate "2009.04.07"]
[EventType "swiss"]
[EventRounds "9"]
[EventCountry "MEX"]
[Source "lmi"]
[SourceDate "2009.04.07"]

1. e4 c5 2. Nf3 d6 3. d4 cxd4 4. Nxd4 Nf6 5. Nc3 g6 6. Be3 Bg7 7. f3 O-O 8. Qd2
Nc6 9. Bc4 Bd7 10. h4 Qa5 11. Bb3 Rfc8 12. O-O-O Ne5 13. Kb1 Nc4 14. Bxc4 Rxc4
15. Nb3 Qc7 16. g4 Be6 17. Nd4 a6 18. h5 Rc8 19. hxg6 hxg6 20. Nce2 Bxg4 21.
fxg4 Nxe4 22. Qd3 Nf6 23. Bh6 Bh8 24. Bd2 Rxd4 25. Nxd4 Bg7 26. Ne6 fxe6 27.
Qxg6 Rf8 28. Bh6 Rf7 29. g5 Qd8 30. gxf6 exf6 31. Rdg1 Qe7 32. Qh7+ 1-0

[Event "54. Abierto Mexicano de Ajedrez 2009"]
[Site "Santa Ana"]
[Date "2009.04.09"]
[Round "4.7"]
[White "Tapie Amione, Pablo Adib"]
[Black "De La Paz Perdomo, Frank"]
[Result "0-1"]
[WhiteElo "2252"]
[BlackElo "2491"]
[PlyCount "78"]
[EventDate "2009.04.07"]
[EventType "swiss"]
[EventRounds "9"]
[EventCountry "MEX"]
[Source "lmi"]
[SourceDate "2009.04.07"]

1. e4 e5 2. Nf3 Nc6 3. Bb5 a6 4. Ba4 Nf6 5. O-O Be7 6. Re1 b5 7. Bb3 O-O 8. a4
b4 9. d3 d6 10. a5 Be6 11. Nbd2 Nd7 12. c3 Bf6 13. Ba4 Na7 14. d4 Rb8 15. h3
bxc3 16. bxc3 exd4 17. Nxd4 Nc5 18. Bc2 Re8 19. Nf1 Bd7 20. Ra2 Nb5 21. Bb2 Qc8
22. c4 Na7 23. Ba3 Nc6 24. Bxc5 dxc5 25. Nxc6 Bxc6 26. e5 Bxe5 27. Bxh7+ Kf8
28. Qh5 g6 29. Qg5 Bd4 30. Rxe8+ Qxe8 31. Qh6+ Bg7 32. Qf4 Qe5 33. Qg4 Qe4 34.
Qg5 Qe5 35. Qg4 Re8 36. h4 Qd4 37. Qg5 Re5 38. Qg3 Re1 39. Qb3 Be5 0-1

[Event "54. Abierto Mexicano de Ajedrez 2009"]
[Site "Santa Ana"]
[Date "2009.04.09"]
[Round "4.8"]
[White "Trent, Lawrence"]
[Black "Martin Del Campo C., Jorge"]
[Result "1-0"]
[WhiteElo "2466"]
[BlackElo "2251"]
[PlyCount "77"]
[EventDate "2009.04.07"]
[EventType "swiss"]
[EventRounds "9"]
[EventCountry "MEX"]
[Source "lmi"]
[SourceDate "2009.04.07"]

1. e4 c5 2. Nf3 d6 3. d4 cxd4 4. Nxd4 Nf6 5. Nc3 Nc6 6. Bg5 e6 7. Qd2 a6 8.
O-O-O Bd7 9. f3 h6 10. Be3 Qc7 11. Kb1 h5 12. Qf2 Ne5 13. h3 b5 14. f4 Nc4 15.
Bxc4 Qxc4 16. e5 b4 17. exf6 bxc3 18. b3 Rb8 19. Ka1 Qb4 20. fxg7 Bxg7 21. Rhe1
Qa3 22. Bc1 Qc5 23. f5 e5 24. Qg3 Bf6 25. Ne6 fxe6 26. Qg6+ Ke7 27. Bg5 Bxg5
28. Qxg5+ Ke8 29. fxe6 Qa3 30. exd7+ Kxd7 31. Qf5+ Kc7 32. Qf7+ Kd8 33. Rb1 Re8
34. b4 Qa4 35. Red1 Rb6 36. Rb3 Rc6 37. b5 axb5 38. Rxc3 b4 39. Rxd6+ 1-0

[Event "54. Abierto Mexicano de Ajedrez 2009"]
[Site "Santa Ana"]
[Date "2009.04.10"]
[Round "5.2"]
[White "Mitkov, Nikola"]
[Black "Gonzalez Zamora, Juan Carlos"]
[Result "1/2-1/2"]
[WhiteElo "2530"]
[BlackElo "2552"]
[PlyCount "90"]
[EventDate "2009.04.07"]
[EventType "swiss"]
[EventRounds "9"]
[EventCountry "MEX"]
[Source "lmi"]
[SourceDate "2009.04.07"]

1. d4 Nf6 2. Nf3 g6 3. Bg5 Bg7 4. Nbd2 d5 5. e3 O-O 6. Be2 Nbd7 7. O-O Re8 8.
c4 c6 9. cxd5 Nxd5 10. Rc1 N7f6 11. Ne5 Nd7 12. Nd3 Bf6 13. Bxf6 exf6 14. Bf3
N7b6 15. Nb3 f5 16. Nbc5 Qd6 17. Qb3 Re7 18. Ne5 f6 19. Nc4 Nxc4 20. Qxc4 Be6
21. Nxe6 Qxe6 22. Qb3 Rd8 23. g3 Qf7 24. Rc5 Red7 25. Rfc1 Kg7 26. Qa4 a6 27.
Qb3 Qe7 28. Kg2 h5 29. h4 Kh6 30. a3 Rd6 31. Qc2 Qe6 32. b4 Kg7 33. Qd2 Qe7 34.
a4 Nc7 35. Qc2 R6d7 36. Qb2 Rd5 37. Be2 R5d7 38. Bf3 Rd6 39. Be2 Qe5 40. Bf3
Qe7 41. Be2 Qe4+ 42. Kh2 Ne6 43. R5c3 Nc7 44. Rc5 Qe7 45. Kg2 Ra8 1/2-1/2

[Event "54. Abierto Mexicano de Ajedrez 2009"]
[Site "Santa Ana"]
[Date "2009.04.10"]
[Round "5.4"]
[White "Escobedo Tinajero, Alberto"]
[Black "Zapata, Alonso"]
[Result "0-1"]
[WhiteElo "2353"]
[BlackElo "2514"]
[PlyCount "66"]
[EventDate "2009.04.07"]
[EventType "swiss"]
[EventRounds "9"]
[EventCountry "MEX"]
[Source "lmi"]
[SourceDate "2009.04.07"]

1. d4 Nf6 2. c4 d6 3. Nf3 g6 4. g3 Bg7 5. Bg2 O-O 6. O-O Nc6 7. Nc3 a6 8. h3
Rb8 9. Bg5 Bd7 10. Qc1 b5 11. cxb5 axb5 12. Bh6 b4 13. Bxg7 Kxg7 14. Nd1 Re8
15. Ne3 e5 16. dxe5 Nxe5 17. Nxe5 Rxe5 18. a4 bxa3 19. bxa3 Qc8 20. h4 Bh3 21.
Qc3 Bxg2 22. Kxg2 Qb7+ 23. Kg1 Qa7 24. Rfc1 Ne4 25. Qd3 Nxg3 26. Rc4 Rbe8 27.
Ra2 Qb7 28. fxg3 Rxe3 29. Qd4+ Kg8 30. Kf2 c5 31. Qf4 R8e5 32. Rcc2 Qe7 33. Qg4
Rf5+ 0-1

[Event "54. Abierto Mexicano de Ajedrez 2009"]
[Site "Santa Ana"]
[Date "2009.04.10"]
[Round "5.5"]
[White "De La Paz Perdomo, Frank"]
[Black "Capo Vidal, Uriel"]
[Result "1/2-1/2"]
[WhiteElo "2491"]
[BlackElo "2360"]
[PlyCount "96"]
[EventDate "2009.04.07"]
[EventType "swiss"]
[EventRounds "9"]
[EventCountry "MEX"]
[Source "lmi"]
[SourceDate "2009.04.07"]

1. e4 c5 2. Nf3 a6 3. Nc3 e6 4. d4 cxd4 5. Nxd4 b5 6. Bd3 Qb6 7. Nde2 Qc7 8.
Bf4 d6 9. Qd2 Nf6 10. f3 Nbd7 11. a4 bxa4 12. Rxa4 Be7 13. Nc1 O-O 14. Nb3 Ne5
15. Be2 Rd8 16. O-O Ng6 17. Bg3 Nh5 18. Rc4 Qb8 19. Bf2 Nhf4 20. Na5 Bd7 21.
Nc6 Nxe2+ 22. Qxe2 Bxc6 23. Rxc6 Ne5 24. Rb6 Qc8 25. Na4 Qc4 26. Qxc4 Nxc4 27.
Rb7 Bf6 28. Rd1 Rac8 29. f4 h6 30. h3 Na5 31. Ra7 Rxc2 32. Bb6 Nc6 33. Bxd8
Nxa7 34. Rxd6 Nc6 35. f5 exf5 36. exf5 Ne7 37. Nc3 h5 38. g4 hxg4 39. Ne4 Rxb2
40. hxg4 Rb3 41. Rxa6 Rb4 42. Kg2 Rb3 43. Ra7 Rb4 44. Kg3 Nc6 45. Nd6 Rb3+ 46.
Kg2 Rb2+ 47. Kg3 Rb3+ 48. Kg2 Rb2+ 1/2-1/2

[Event "54. Abierto Mexicano de Ajedrez 2009"]
[Site "Santa Ana"]
[Date "2009.04.10"]
[Round "5.6"]
[White "Pla, Silvio"]
[Black "Trent, Lawrence"]
[Result "1/2-1/2"]
[WhiteElo "2183"]
[BlackElo "2466"]
[PlyCount "56"]
[EventDate "2009.04.07"]
[EventType "swiss"]
[EventRounds "9"]
[EventCountry "MEX"]
[Source "lmi"]
[SourceDate "2009.04.07"]

1. d4 Nf6 2. Nf3 g6 3. Bf4 Bg7 4. e3 d6 5. Be2 O-O 6. O-O b6 7. Nbd2 Bb7 8. h3
Nbd7 9. c3 Qe8 10. Bh2 e5 11. Nc4 Ne4 12. Nfd2 Nxd2 13. Nxd2 f5 14. Qa4 a6 15.
Qc4+ Rf7 16. Qxc7 Rb8 17. Qxd6 b5 18. Qb4 f4 19. Qb3 Kh8 20. Bg4 Nf6 21. Be6
Re7 22. dxe5 Nh5 23. Bg4 Bxe5 24. exf4 Nxf4 25. Bf3 Ne2+ 26. Kh1 Ng3+ 27. Kg1
Bxf3 28. Nxf3 Ne2+ 1/2-1/2

[Event "54. Abierto Mexicano de Ajedrez 2009"]
[Site "Santa Ana"]
[Date "2009.04.10"]
[Round "5.7"]
[White "Perez Garcia, Rodney"]
[Black "Sanchez Enriquez, Oscar Gerardo"]
[Result "1/2-1/2"]
[WhiteElo "2436"]
[BlackElo "2282"]
[PlyCount "221"]
[EventDate "2009.04.07"]
[EventType "swiss"]
[EventRounds "9"]
[EventCountry "MEX"]
[Source "lmi"]
[SourceDate "2009.04.07"]

1. c4 b6 2. Nc3 Bb7 3. Nf3 e6 4. e3 f5 5. b3 Nf6 6. Bb2 Be7 7. d4 O-O 8. Bd3
Ne4 9. O-O Bb4 10. Rc1 Bxc3 11. Bxc3 d6 12. Bb2 Nd7 13. Qe2 Rf6 14. c5 Bd5 15.
cxd6 cxd6 16. Bc4 Bb7 17. d5 e5 18. Nd2 Nxd2 19. Qxd2 f4 20. exf4 Rxf4 21. Bb5
Nc5 22. Rc4 Rxc4 23. Bxc4 Qe7 24. Re1 Qf7 25. Bxe5 b5 26. Bxd6 bxc4 27. Bxc5
cxb3 28. axb3 Qxd5 29. Qxd5+ Bxd5 30. b4 a5 31. bxa5 Rxa5 32. Be3 Rb5 33. h4
Be4 34. Kh2 Rb1 35. Re2 Rb7 36. f3 Bd5 37. Rd2 Rd7 38. h5 h6 39. Kg1 Kf7 40.
Kf2 Be6 41. Rb2 Rc7 42. g4 Bd5 43. Rd2 Rd7 44. Kg3 Be6 45. Rb2 Bd5 46. Rb6 Be6
47. Bc1 Bd5 48. Ra6 Rb7 49. Ra5 Be6 50. f4 Bc4 51. g5 hxg5 52. fxg5 Ke6 53. Kf4
Rf7+ 54. Ke4 Be2 55. g6 Rb7 56. Re5+ Kd7 57. Ba3 Rb3 58. Bf8 Rh3 59. Re7+ Kc6
60. Rxg7 Bxh5 61. Kf4 Rf3+ 62. Kg5 Bxg6 63. Rxg6+ Kd5 64. Rd6+ Ke5 65. Rd8 Rg3+
66. Kh4 Rg6 67. Ra8 Ke4 68. Be7 Rg2 69. Bg5 Kf5 70. Rf8+ Ke4 71. Rf1 Ke5 72.
Bf4+ Ke4 73. Bg3 Ra2 74. Kg4 Ra8 75. Re1+ Kd5 76. Be5 Rf8 77. Kg5 Rf2 78. Bf4
Ra2 79. Kf5 Ra4 80. Be5 Ra2 81. Rd1+ Kc4 82. Bd4 Kd5 83. Be3+ Kc6 84. Ke6 Re2
85. Rd3 Re1 86. Rc3+ Kb5 87. Kd5 Kb4 88. Bd4 Re8 89. Rc4+ Kb5 90. Rc5+ Kb4 91.
Bc3+ Kb3 92. Be5 Rd8+ 93. Ke4 Rd1 94. Bd4 Re1+ 95. Kd5 Re8 96. Rb5+ Kc2 97. Kc4
Rc8+ 98. Bc5 Ra8 99. Rb3 Ra4+ 100. Bb4 Ra8 101. Rh3 Rc8+ 102. Bc5 Rd8 103. Rh2+
Rd2 104. Rh8 Rd7 105. Rf8 Rd2 106. Bd4 Kd1 107. Be3 Rc2+ 108. Kd3 Rd2+ 109. Ke4
Rd3 110. Bd4 Kc2 111. Kd5 1/2-1/2

[Event "54. Abierto Mexicano de Ajedrez 2009"]
[Site "Santa Ana"]
[Date "2009.04.10"]
[Round "5.8"]
[White "Cordova, Emilio"]
[Black "Diaz Rosas, Julio Cesar"]
[Result "1-0"]
[WhiteElo "2543"]
[BlackElo "1992"]
[PlyCount "67"]
[EventDate "2009.04.07"]
[EventType "swiss"]
[EventRounds "9"]
[EventCountry "MEX"]
[Source "lmi"]
[SourceDate "2009.04.07"]

1. d4 Nf6 2. Nf3 d5 3. c4 c6 4. Nc3 e6 5. Bg5 Bb4 6. Qc2 Nbd7 7. e3 Qa5 8. Bxf6
Nxf6 9. Nd2 O-O 10. Bd3 h6 11. O-O Bd6 12. c5 Bb8 13. b4 Qc7 14. f4 Ng4 15.
Rae1 f5 16. h3 Nf6 17. b5 Ne4 18. Rb1 g5 19. Ne2 h5 20. Nf3 g4 21. hxg4 hxg4
22. Bxe4 dxe4 23. Ng5 Rf6 24. Kf2 Rg6 25. g3 cxb5 26. Rh1 a6 27. Rh7 Rg7 28.
Rh5 Kf8 29. Rbh1 Bd7 30. Rh8+ Rg8 31. d5 e5 32. d6 Qd8 33. Rxg8+ Kxg8 34. Qb3+
1-0

[Event "54. Abierto Mexicano de Ajedrez 2009"]
[Site "Santa Ana"]
[Date "2009.04.10"]
[Round "6.2"]
[White "Zapata, Alonso"]
[Black "Mitkov, Nikola"]
[Result "1/2-1/2"]
[WhiteElo "2514"]
[BlackElo "2530"]
[PlyCount "68"]
[EventDate "2009.04.07"]
[EventType "swiss"]
[EventRounds "9"]
[EventCountry "MEX"]
[Source "lmi"]
[SourceDate "2009.04.07"]

1. e4 e5 2. Nf3 Nc6 3. Bb5 Nf6 4. d4 Nxe4 5. Qe2 Nd6 6. Bxc6 dxc6 7. dxe5 Nf5
8. Bg5 Bb4+ 9. c3 Be7 10. Bxe7 Qxe7 11. O-O O-O 12. Nbd2 Be6 13. Ne4 Rad8 14.
Rfe1 Rd5 15. Neg5 Nh4 16. Qe4 Nxf3+ 17. Nxf3 Rfd8 18. h3 h6 19. a3 Bc8 20. Re3
a5 21. Rae1 c5 22. Kh2 b6 23. c4 Rd1 24. Rxd1 Rxd1 25. Re1 Rd8 26. Re2 Be6 27.
Rd2 Rxd2 28. Nxd2 Qd7 29. Qe3 Qa4 30. Qd3 Qd1 31. Qd8+ Kh7 32. Qd3+ Kg8 33.
Qd8+ Kh7 34. Qd3+ Kg8 1/2-1/2

[Event "54. Abierto Mexicano de Ajedrez 2009"]
[Site "Santa Ana"]
[Date "2009.04.10"]
[Round "6.3"]
[White "Borges Mateos, Juan"]
[Black "Escobar Forero, Alder"]
[Result "1/2-1/2"]
[WhiteElo "2459"]
[BlackElo "2495"]
[PlyCount "51"]
[EventDate "2009.04.07"]
[EventType "swiss"]
[EventRounds "9"]
[EventCountry "MEX"]
[Source "lmi"]
[SourceDate "2009.04.07"]

1. d4 Nf6 2. c4 g6 3. Nc3 Bg7 4. e4 d6 5. Nf3 O-O 6. Be2 e5 7. O-O Nc6 8. d5
Ne7 9. Ne1 Nd7 10. f3 f5 11. g4 Nf6 12. Ng2 f4 13. h4 c5 14. Kf2 Rf7 15. Ke1 a6
16. a4 b6 17. Kd2 Bd7 18. Kc2 Rb8 19. Bd2 Nc8 20. b3 Na7 21. Rh1 Qf8 22. Ne1
Rb7 23. Rg1 Qb8 24. Nd3 b5 25. axb5 axb5 26. Ra6 1/2-1/2

[Event "54. Abierto Mexicano de Ajedrez 2009"]
[Site "Santa Ana"]
[Date "2009.04.10"]
[Round "6.6"]
[White "Leon Hoyos, Manuel"]
[Black "Pina Vega, Sulennis"]
[Result "1-0"]
[WhiteElo "2527"]
[BlackElo "2262"]
[PlyCount "101"]
[EventDate "2009.04.07"]
[EventType "swiss"]
[EventRounds "9"]
[EventCountry "MEX"]
[Source "lmi"]
[SourceDate "2009.04.07"]

1. d4 Nf6 2. Bg5 e6 3. Nf3 Be7 4. e3 d6 5. c4 Nbd7 6. Nc3 e5 7. Be2 c6 8. O-O
O-O 9. Qc2 Ne8 10. Bxe7 Qxe7 11. b4 f5 12. dxe5 Nxe5 13. b5 Bd7 14. bxc6 bxc6
15. Rad1 Ng4 16. h3 Nh6 17. Qd3 Kh8 18. Rfe1 Nf7 19. Nd4 Ng5 20. Qc2 Ne4 21.
Bd3 Nxc3 22. Qxc3 Qe5 23. f4 Qf6 24. c5 Nc7 25. cxd6 Nd5 26. Qc5 Nb6 27. Nf3
Be6 28. Nd4 Bd7 29. Bc2 Rac8 30. Bb3 Rfd8 31. a4 Nd5 32. a5 Be8 33. Bxd5 cxd5
34. Qxd5 Rxd6 35. Qxf5 Rcd8 36. Qxf6 gxf6 37. Ra1 Bf7 38. Rec1 Bd5 39. Kf2 Be4
40. Ra3 f5 41. Rac3 Rg6 42. g3 Rdg8 43. Ne2 Rd6 44. Rc8 Rd2 45. Ke1 Rd3 46.
R1c3 Rxc8 47. Rxc8+ Kg7 48. Rc3 Rd7 49. Nd4 Rb7 50. Rb3 Rb4 51. g4 1-0

[Event "54. Abierto Mexicano de Ajedrez 2009"]
[Site "Santa Ana"]
[Date "2009.04.10"]
[Round "6.7"]
[White "Della Morte, Pablo"]
[Black "De La Paz Perdomo, Frank"]
[Result "0-1"]
[WhiteElo "2292"]
[BlackElo "2491"]
[PlyCount "57"]
[EventDate "2009.04.07"]
[EventType "swiss"]
[EventRounds "9"]
[EventCountry "MEX"]
[Source "lmi"]
[SourceDate "2009.04.07"]

1. e4 e5 2. Nf3 Nc6 3. Bb5 a6 4. Ba4 Nf6 5. O-O Be7 6. Re1 b5 7. Bb3 O-O 8. a4
b4 9. d3 d6 10. a5 Be6 11. Nbd2 Rb8 12. Bc4 Bxc4 13. dxc4 Nd7 14. Nf1 Nc5 15.
Ne3 Qd7 16. Nf5 Bf6 17. Qe2 g6 18. Nh6+ Kh8 19. h4 Ne6 20. Be3 Bg7 21. g3 f5
22. exf5 gxf5 23. Bg5 Qe8 24. Qd3 Qg6 25. Qe3 Ncd4 26. Nxd4 Nxd4 27. Rac1 Bxh6
28. Bxh6 f4 29. Rb1 0-1

[Event "54. Abierto Mexicano de Ajedrez 2009"]
[Site "Santa Ana"]
[Date "2009.04.10"]
[Round "6.8"]
[White "Trent, Lawrence"]
[Black "Hernandez Andres, Gustavo"]
[Result "1-0"]
[WhiteElo "2466"]
[BlackElo "2287"]
[PlyCount "67"]
[EventDate "2009.04.07"]
[EventType "swiss"]
[EventRounds "9"]
[EventCountry "MEX"]
[Source "lmi"]
[SourceDate "2009.04.07"]

1. e4 e6 2. d4 d5 3. Nd2 Nf6 4. e5 Nfd7 5. Bd3 c5 6. c3 Nc6 7. Ngf3 Qb6 8. O-O
cxd4 9. cxd4 f6 10. exf6 Nxf6 11. Nb3 Bd6 12. Bg5 O-O 13. Rc1 Bd7 14. Re1 Nb4
15. Bb1 Rac8 16. Rxc8 Bxc8 17. Bh4 Bd7 18. a3 Nc6 19. Qc2 Be8 20. Qc3 Bh5 21.
Rxe6 Bxf3 22. Bxf6 Rxf6 23. Rxf6 gxf6 24. Qxf3 Ne7 25. g3 Kg7 26. Qc3 Qb5 27.
Bd3 Qc6 28. Qe1 Qb6 29. Bc2 Qc6 30. Qe2 b6 31. Qd3 Ng6 32. Nd2 Qc8 33. Nf1 Qg4
34. Ne3 1-0

[Event "54. Abierto Mexicano de Ajedrez 2009"]
[Site "Santa Ana"]
[Date "2009.04.11"]
[Round "7.2"]
[White "Perez Garcia, Rodney"]
[Black "Gonzalez Zamora, Juan Carlos"]
[Result "1-0"]
[WhiteElo "2436"]
[BlackElo "2552"]
[PlyCount "127"]
[EventDate "2009.04.07"]
[EventType "swiss"]
[EventRounds "9"]
[EventCountry "MEX"]
[Source "lmi"]
[SourceDate "2009.04.07"]

1. e4 c5 2. Nf3 e6 3. c3 Nf6 4. e5 Nd5 5. d4 cxd4 6. Qxd4 Nc6 7. Qe4 f5 8. Qe2
b6 9. g3 a5 10. Bg2 Ba6 11. c4 Bb4+ 12. Bd2 Rc8 13. O-O O-O 14. b3 Bxd2 15.
Qxd2 Nde7 16. Nc3 Ng6 17. Rfe1 Qc7 18. Rad1 Rfd8 19. Qd6 Qxd6 20. Rxd6 Rb8 21.
Red1 Nf8 22. Na4 Re8 23. Nd4 Nxe5 24. Nxb6 Bb7 25. Bxb7 Rxb7 26. Na4 Ra8 27.
Nb5 g5 28. f4 gxf4 29. gxf4 Nf7 30. Rb6 Rxb6 31. Nxb6 Rd8 32. c5 Kg7 33. Nd6 e5
34. Nxf7 Kxf7 35. fxe5 Ke7 36. Kf2 Ng6 37. Rd5 Nf4 38. Rd4 Ne6 39. Ra4 Nxc5 40.
Rxa5 Ne4+ 41. Kf3 Ke6 42. Nc4 Ng5+ 43. Ke3 Rf8 44. h4 f4+ 45. Kf2 Ne4+ 46. Kf3
Nc3 47. Ra6+ Ke7 48. a4 Rg8 49. Kxf4 h5 50. Ne3 Rb8 51. Nf5+ Ke8 52. Nd6+ Ke7
53. Kf5 Rf8+ 54. Kg5 Rb8 55. Nf5+ Ke8 56. Kg6 Nd5 57. Rd6 Nf4+ 58. Kf6 Rxb3 59.
Ng7+ Kd8 60. e6 Re3 61. Rxd7+ Kc8 62. Rd4 Ne2 63. Rc4+ Kd8 64. e7+ 1-0

[Event "54. Abierto Mexicano de Ajedrez 2009"]
[Site "Santa Ana"]
[Date "2009.04.11"]
[Round "7.3"]
[White "Cordova, Emilio"]
[Black "Capo Vidal, Uriel"]
[Result "1-0"]
[WhiteElo "2543"]
[BlackElo "2360"]
[PlyCount "23"]
[EventDate "2009.04.07"]
[EventType "swiss"]
[EventRounds "9"]
[EventCountry "MEX"]
[Source "lmi"]
[SourceDate "2009.04.07"]

1. d4 d5 2. c4 e6 3. Nc3 Be7 4. Nf3 Nf6 5. e3 O-O 6. Bd3 b6 7. O-O c5 8. cxd5
exd5 9. dxc5 bxc5 10. e4 Bb7 11. exd5 Nxd5 12. Be4 1-0

[Event "54. Abierto Mexicano de Ajedrez 2009"]
[Site "Santa Ana"]
[Date "2009.04.11"]
[Round "7.4"]
[White "Mitkov, Nikola"]
[Black "Borges Mateos, Juan"]
[Result "0-1"]
[WhiteElo "2530"]
[BlackElo "2459"]
[PlyCount "108"]
[EventDate "2009.04.07"]
[EventType "swiss"]
[EventRounds "9"]
[EventCountry "MEX"]
[Source "lmi"]
[SourceDate "2009.04.07"]

1. d4 d5 2. Bf4 Nf6 3. e3 e6 4. Nd2 Bd6 5. Bg3 O-O 6. Bd3 b6 7. Ngf3 Bb7 8. c3
c5 9. Ne5 Nc6 10. f4 Ne7 11. Qf3 Nf5 12. Bf2 Be7 13. g4 Nd6 14. g5 Nfe4 15. h4
Nxd2 16. Kxd2 Ne4+ 17. Ke2 Bd6 18. Ng4 Qc8 19. Qg2 cxd4 20. exd4 Bxf4 21. Rh3
Kh8 22. Be3 Bd6 23. Rg1 Ba6 24. Bc1 Bxd3+ 25. Rxd3 Qa6 26. a3 e5 27. dxe5 Nc5
28. Rgd1 Rfe8 29. Qxd5 Bc7 30. Qxf7 Nxd3 31. Rxd3 Rad8 32. c4 Qc8 33. Qf4 Rxd3
34. Kxd3 Qe6 35. Be3 Bxe5 36. Nxe5 Qxe5 37. Qxe5 Rxe5 38. b4 Kg8 39. Kd4 Rf5
40. h5 Kf7 41. Ke4 Ke6 42. Bf4 Rf8 43. Be5 g6 44. hxg6 hxg6 45. Bd4 Rf1 46. c5
Re1+ 47. Kf4 b5 48. c6 Kd6 49. Bxa7 Kxc6 50. Bf2 Rf1 51. Ke3 Kd5 52. Ke2 Ra1
53. Bc5 Rxa3 54. Kf2 Rb3 0-1

[Event "54. Abierto Mexicano de Ajedrez 2009"]
[Site "Santa Ana"]
[Date "2009.04.11"]
[Round "7.5"]
[White "Verduga Zavala, Denis"]
[Black "Leon Hoyos, Manuel"]
[Result "1/2-1/2"]
[WhiteElo "2335"]
[BlackElo "2527"]
[PlyCount "92"]
[EventDate "2009.04.07"]
[EventType "swiss"]
[EventRounds "9"]
[EventCountry "MEX"]
[Source "lmi"]
[SourceDate "2009.04.07"]

1. c4 Nf6 2. Nc3 d5 3. cxd5 Nxd5 4. g3 g6 5. Bg2 Nb6 6. Nf3 Bg7 7. O-O Nc6 8.
b3 O-O 9. Bb2 e5 10. Rc1 Re8 11. d3 Nd4 12. Nd2 c6 13. Re1 Nd5 14. Nxd5 cxd5
15. Bxd4 exd4 16. b4 Qd6 17. Qb3 Be6 18. Nf3 Rac8 19. h4 h6 20. Qa4 a6 21. Rc5
b6 22. Rcc1 b5 23. Qa5 Bf6 24. Qa3 Qb6 25. Qb2 Rc3 26. Nd2 Qd6 27. a3 g5 28.
hxg5 hxg5 29. Nb3 Rxc1 30. Rxc1 Bg4 31. Bf3 Qe6 32. Qc2 Bxf3 33. exf3 Kg7 34.
Qc6 Qe2 35. Kg2 Re3 36. Qxd5 g4 37. Nxd4 gxf3+ 38. Kh3 Rxd3 39. Nxe2 Rxd5 40.
Nf4 Rd2 41. Nh5+ Kg6 42. Kg4 Be5 43. Rc6+ f6 44. Nf4+ Bxf4 45. gxf4 Rxf2 46.
f5+ Kg7 1/2-1/2

[Event "54. Abierto Mexicano de Ajedrez 2009"]
[Site "Santa Ana"]
[Date "2009.04.11"]
[Round "7.6"]
[White "Lares Flores, Manuel de Jesus"]
[Black "Zapata, Alonso"]
[Result "0-1"]
[WhiteElo "2292"]
[BlackElo "2514"]
[PlyCount "128"]
[EventDate "2009.04.07"]
[EventType "swiss"]
[EventRounds "9"]
[EventCountry "MEX"]
[Source "lmi"]
[SourceDate "2009.04.07"]

1. e4 c5 2. Nf3 e6 3. d4 cxd4 4. Nxd4 Nc6 5. Nxc6 bxc6 6. Bd3 e5 7. O-O Nf6 8.
c4 Bc5 9. Nd2 a5 10. b3 d6 11. Bb2 O-O 12. Be2 Ne8 13. Bg4 Nc7 14. Bxc8 Rxc8
15. Bc3 Ne6 16. Nf3 f5 17. exf5 Rxf5 18. Nd2 Qh4 19. Nf3 Qf6 20. a3 Nf4 21. Ra2
Rf8 22. b4 Ba7 23. Rd2 Bb8 24. Ne1 Qe6 25. Qb3 axb4 26. axb4 Rh5 27. g3 Nh3+
28. Kh1 Ng5 29. f3 e4 30. f4 e3 31. Rg2 Ba7 32. Qa2 Rf7 33. Qe2 Ne4 34. Qxh5
Qxc4 35. Qe2 Qxc3 36. Qd3 Re7 37. Rc2 Nf2+ 38. Rcxf2 Qxd3 39. Nxd3 exf2 40.
Nxf2 Re2 41. Nd3 Rd2 42. Ra1 Bd4 43. Ra3 Kf7 44. g4 Kf6 45. Rb3 g6 46. Ra3 Ke6
47. f5+ gxf5 48. g5 Kd5 49. Nf4+ Ke4 50. Nh5 Rd1+ 51. Kg2 Rg1+ 52. Kh3 Rxg5 53.
Ng3+ Kd5 54. Rf3 Ke6 55. Kh4 Bf6 56. Kh3 Be5 57. Nf1 d5 58. Rf2 Rh5+ 59. Kg2
Rh4 60. Rc2 Kd6 61. Kf3 Rxb4 62. Ne3 Rb3 63. Ke2 f4 64. Ng4 Rb2 0-1

[Event "54. Abierto Mexicano de Ajedrez 2009"]
[Site "Santa Ana"]
[Date "2009.04.11"]
[Round "7.8"]
[White "Perez Rodriguez, Luis Manuel"]
[Black "Sanchez Enriquez, Oscar Gerardo"]
[Result "1/2-1/2"]
[WhiteElo "2521"]
[BlackElo "2282"]
[PlyCount "54"]
[EventDate "2009.04.07"]
[EventType "swiss"]
[EventRounds "9"]
[EventCountry "MEX"]
[Source "lmi"]
[SourceDate "2009.04.07"]

1. e4 e6 2. d4 d5 3. Nc3 Nf6 4. Bd3 c5 5. exd5 exd5 6. dxc5 Bxc5 7. Nf3 O-O 8.
O-O h6 9. Bf4 Nc6 10. Qd2 Re8 11. Rae1 Be6 12. a3 a6 13. b4 Bf8 14. Ne5 a5 15.
Nxc6 bxc6 16. Rb1 c5 17. bxc5 Bxc5 18. Nb5 Rc8 19. Be5 Ne4 20. Qf4 Qg5 21. h4
Qxf4 22. Bxf4 g5 23. Bxe4 gxf4 24. Bf3 Be7 25. Rbd1 Red8 26. h5 Rxc2 27. Nd4
Rb2 1/2-1/2

[Event "54. Abierto Mexicano de Ajedrez 2009"]
[Site "Santa Ana"]
[Date "2009.04.11"]
[Round "8.2"]
[White "Perez Garcia, Rodney"]
[Black "Cordova, Emilio"]
[Result "1/2-1/2"]
[WhiteElo "2436"]
[BlackElo "2543"]
[PlyCount "51"]
[EventDate "2009.04.07"]
[EventType "swiss"]
[EventRounds "9"]
[EventCountry "MEX"]
[Source "lmi"]
[SourceDate "2009.04.07"]

1. e4 e6 2. d4 d5 3. Nc3 Nf6 4. Bg5 dxe4 5. Nxe4 Nbd7 6. Nf3 Be7 7. Nxf6+ Nxf6
8. Bd3 c5 9. O-O cxd4 10. Nxd4 O-O 11. Re1 h6 12. Bf4 Nd5 13. Be5 Bf6 14. Qe2
Bxe5 15. Qxe5 Qf6 16. Qxf6 Nxf6 17. Rad1 Bd7 18. Nf3 Rfd8 19. Ne5 Be8 20. Be2
Rxd1 21. Rxd1 Rc8 22. c4 Kf8 23. Kf1 Ke7 24. Ke1 Ne4 25. Bf3 Nd6 26. b3 1/2-1/2

[Event "54. Abierto Mexicano de Ajedrez 2009"]
[Site "Santa Ana"]
[Date "2009.04.11"]
[Round "8.3"]
[White "Borges Mateos, Juan"]
[Black "De La Paz Perdomo, Frank"]
[Result "0-1"]
[WhiteElo "2459"]
[BlackElo "2491"]
[PlyCount "70"]
[EventDate "2009.04.07"]
[EventType "swiss"]
[EventRounds "9"]
[EventCountry "MEX"]
[Source "lmi"]
[SourceDate "2009.04.07"]

1. d4 Nf6 2. c4 g6 3. Nc3 Bg7 4. g3 O-O 5. Bg2 d6 6. Nf3 Nc6 7. O-O Bg4 8. h3
Bxf3 9. Bxf3 Nd7 10. e3 e5 11. d5 Ne7 12. e4 f5 13. Bg2 Nf6 14. exf5 gxf5 15.
f4 Nd7 16. Kh2 Ng6 17. Be3 exf4 18. gxf4 Qh4 19. Qd2 Nf6 20. Kg1 Rae8 21. Rae1
Nh5 22. Ne2 Bh6 23. Bf2 Bxf4 24. Qb4 Qg5 25. Kh1 Bd2 26. Qb3 Bxe1 27. Rxe1 Rxe2
28. Rxe2 Ngf4 29. Bf3 Ng3+ 30. Bxg3 Qxg3 31. Re7 Qxh3+ 32. Kg1 Qg3+ 33. Kf1 Nh3
34. Qe3 f4 35. Qe6+ Kh8 0-1

[Event "54. Abierto Mexicano de Ajedrez 2009"]
[Site "Santa Ana"]
[Date "2009.04.11"]
[Round "8.5"]
[White "Verduga Zavala, Denis"]
[Black "Escobar Forero, Alder"]
[Result "1/2-1/2"]
[WhiteElo "2335"]
[BlackElo "2495"]
[PlyCount "58"]
[EventDate "2009.04.07"]
[EventType "swiss"]
[EventRounds "9"]
[EventCountry "MEX"]
[Source "lmi"]
[SourceDate "2009.04.07"]

1. c4 e5 2. Nc3 Nf6 3. Nf3 d6 4. g3 Be7 5. Bg2 O-O 6. O-O c6 7. d3 Nbd7 8. e4
a5 9. a3 Nc5 10. Be3 Qc7 11. Rb1 Ng4 12. Bc1 a4 13. h3 Nf6 14. Be3 Nfd7 15. Ne1
Qa5 16. f4 Bd8 17. f5 Bb6 18. Kh2 Nb3 19. Bxb6 Qxb6 20. Nc2 Qd8 21. Ne3 b5 22.
cxb5 cxb5 23. Ned5 Nf6 24. Nxf6+ Qxf6 25. Nxb5 Bb7 26. Nc3 Bc6 27. Rf2 Nc5 28.
Rd2 Nb3 29. Rf2 Nc5 1/2-1/2